| 000 | 00730cab a2200229 4500 | ||
|---|---|---|---|
| 001 | WB3228-13 | ||
| 008 | 090401t1996 xxu||||| |||| 00| 0 eng d | ||
| 035 | _a(Sirsi) u56378 | ||
| 041 | _aeng | ||
| 245 | _aRetailers desert high streets | ||
| 260 | _c1996 | ||
| 350 | _a0 | ||
| 490 |
_aSunday Business _v14 July 1996, 16(1) |
||
| 520 | _aOut-of-town locations are luring shopkeepers away from town centres. Considers how the high street is having to adapt to fight back. | ||
| 650 | _aCOMPETITIVENESS | ||
| 650 | _aHIGH STREETS | ||
| 650 | _aOUT-OF-TOWN SHOPPING CENTRES | ||
| 650 | _aPLANNING POLICY GUIDANCE NOTE SIX | ||
| 690 | _aPROPERTY-COMMERCIAL PROPERTY-RETAIL PROPERTY | ||
| 942 | _n0 | ||
| 948 | _c04/03/1997 | ||
| 999 |
_c34380 _d34380 |
||